000 00580nam a2200241Ia 4500
003 OSt
005 20221007100416.0
006 a|||||r|||| 00| 0
007 ta
008 221006b |||||||| |||| 00| 0 eng d
024 _a4,368
037 _cTextual
040 _aLCO
_cLCO
_beng
041 _2eng
_aeng
082 _aV1:2, L9
100 _aFINER S E
245 0 _aFive constitutions
260 _aLondon
_bPenguin
_c1979
300 _a349
650 _aCONSTITUTIONS
_928454
942 _hV1:2, L9
_cTEXL
999 _c1173931
_d1173931